Città del Piemonte - Morte improvvisa - Statistics

Statistiche generali
  • Questo quiz è stato fatto 534 volte
  • Il punteggio medio è 16 su 25
Answers on the Grid
Answers color-coded by a green-red scale on the quiz's grid according to % correct below.
Alassio
Alba
Alessandria
Aosta
Arona
Asti
Avigliano
Biella
Bobbio
Borgomanero
Bra
Candelo
Carpi
Casteggio
Chieri
Chioggia
Cuneo
Domodossola
Ivrea
Macomer
Magenta
Moncalieri
Nichelino
Novara
Novi Ligure
Palmi
Pavia
Piacenza
Pinerolo
Rapallo
Rho
Saluzzo
Santhià
Savona
Stresa
Susa
Torino
Tortona
Verbania
Vercelli
 
Statistiche sulle risposte
Risposta % Corretto
Alessandria
95%
Asti
88%
Biella
85%
Alba
84%
Cuneo
75%
Novara
73%
Torino
73%
Vercelli
71%
Bra
68%
Ivrea
67%
Moncalieri
65%
Verbania
65%
Domodossola
64%
Novi Ligure
59%
Pinerolo
59%
Chieri
55%
Nichelino
55%
Tortona
51%
Arona
49%
Saluzzo
49%
Susa
49%
Borgomanero
48%
Santhià
42%
Stresa
42%
Candelo
26%
Nessun quiz corrispondente trovato
Distribuzione punteggi
Percentuale di utenti per punteggio
Percentile per numero di risposta
I tuoi punteggi nel tempo
Non hai fatto questo quiz